| 000 | 00852nam a22002297a 4500 | ||
|---|---|---|---|
| 999 |
_c13348 _d13348 |
||
| 003 | AR-CdUCM | ||
| 008 | 190411b ||||| |||| 00| 0 spa d | ||
| 020 | _a978-607-618-526-1 | ||
| 040 |
_aMUNICIPALIDAD PROVINCIAL DEL CUSCO _cBIBLIOTECA MUNICIPAL DEL CUSCO |
||
| 082 |
_aEP / 372.808 / _bC75 |
||
| 110 |
_aMarvel _931720 |
||
| 245 | _aColección de Cuentos / | ||
| 260 |
_aMéxico : _bSilver Dolphin ; _c2017. |
||
| 300 |
_a300 páginas ; _bIlustraciones _c24cm |
||
| 505 | _aContenido: ¡Hulk aplasta! -- ¡Black Widow al ataque! -- ¿Amigo o enemigo? -- Halcón se gana sus alas -- Visitantes indeseables... | ||
| 650 |
_aCuento infantil _93319 |
||
| 650 |
_aEducación primaria _91561 |
||
| 700 |
_aCaballero de Moral, Samantha (traducción) _931266 |
||
| 856 | _fwww.disneylatino.com | ||
| 942 |
_2ddc _cLIBROS |
||
| 945 |
_anom _d2019-04-15 |
||